नरेन्द्र मोदी का राष्ट्रोंमुखी विकास / (Record no. 207071)

MARC details
000 -LEADER
fixed length control field 00892nam a22001817a 4500
005 - DATE AND TIME OF LATEST TRANSACTION
control field 20241127130118.0
010 ## - LCCN (DPL NO)
LC control number HIN-128820
020 ## - INTERNATIONAL STANDARD BOOK NUMBER
International Standard Book Number 9788196111663
Terms of availability 450.00
035 ## - SYSTEM CONTROL NUMBER
System control number HN-101166
037 ## - SOURCE OF ACQUISITION
Source of stock number/acquisition DBAD
082 ## - DEWEY DECIMAL CLASSIFICATION NUMBER
Classification number 330.954
100 ## - MAIN ENTRY--PERSONAL NAME
Personal name सच्चिदानंद मिश्र
245 ## - TITLE STATEMENT
Title नरेन्द्र मोदी का राष्ट्रोंमुखी विकास /
Statement of responsibility, etc सच्चिदानंद मिश्र एवं रजनीकांत तिवारी
260 ## - PUBLICATION, DISTRIBUTION, ETC. (IMPRINT)
Place of publication, distribution, etc नई दिल्ली
Name of publisher, distributor, etc बरखा पब्लिकेशन्स
Date of publication, distribution, etc 2024
270 ## - ADDRESS
Address 111, गली नं.4 हरफूल विहार , बापरौला ,
City नई दिल्ली
Postal code 110043
300 ## - PHYSICAL DESCRIPTION
Extent 144पृ.
Dimensions 22सेमी(सजिल्द)
942 ## - ADDED ENTRY ELEMENTS (KOHA)
Source of classification or shelving scheme Dewey Decimal Classification
Item type Hindi Books
Classification part 330.954
Call number suffix सच्चिदा
Holdings
Withdrawn status Lost status Not for loan Collection code Home library Current library Date acquired Source of acquisition Cost, normal purchase price Full call number Barcode Copy number Cost, replacement price Koha item type
      Non-fiction Bawana Bawana 27/11/2024 DBAD 450.00 330.954 सच्चिदा HN-101166 1 450.00 Hindi Books

© Delhi Public Library
Hit Counter
free hit counter